01131nam a2200193Ia 4500001001000000003001000010008004100020040002500061041001400086100001900100245006200119250001100181260006400192300002800256500026200284501011400546520026200660650001500922L150-1370IT-CnALBA170116s9999||||xx |||||||||||||| ||und|| aIT-CnALBAcIT-CnALBA aFRANCESE  aEYMIEU ANTONIN 0aLE GOUVERNEMENT DE SOI-MEME. L'OBSESSION ET LE SCRUPULE.  a2a ed. a PARIS.bPERRIN LIBRAIRIE ACADEMIQUE c1910 [1° Ed.: n.d.] a372 p. (prefazione: 11) aBIBLIOTECA CAN. CHIESA. OSSESSIONE E SCRUPOLO: DEFINIZIONE, FREQUENZA DELLA MALATTIA, NECESSITÀ DELLO STUDIO DELLA MATERIA. DIVISIONE DEL LAVORO. CARATTERE DELL'OSSESIONE. SVILUPPO DELL'OSSESSIONE. MANIA. OSSESSO. LIMITI DELL'OSSESSO. ANTECEDENTI DELL'OSS aSocietà San Paolo EM - Piazza San Paolo, 14 - 12051 ALBA (CN) (non commercial uses only) ® Copyright 2017 aBIBLIOTECA CAN. CHIESA. OSSESSIONE E SCRUPOLO: DEFINIZIONE, FREQUENZA DELLA MALATTIA, NECESSITÀ DELLO STUDIO DELLA MATERIA. DIVISIONE DEL LAVORO. CARATTERE DELL'OSSESIONE. SVILUPPO DELL'OSSESSIONE. MANIA. OSSESSO. LIMITI DELL'OSSESSO. ANTECEDENTI DELL'OSS aPSICOLOGIA